| Tag |
First Indicator |
Second Indicator |
Subfields |
| LEADER |
00000nam a2200000 a 4500 |
| 001 |
in00004676313 |
| 006 |
m o d |
| 007 |
cr cn||||||||| |
| 008 |
081029s1988 nyua obe 001 0 eng d |
| 005 |
20260214212559.7 |
| 020 |
|
|
|a 9780470172315
|
| 020 |
|
|
|a 0470172312
|
| 024 |
7 |
|
|a 10.1002/9780470172315
|2 doi
|
| 035 |
|
|
|a wil6007436
|
| 035 |
|
|
|a (NhCcYBP)wil6007436
|
| 037 |
|
|
|a 9780470172315
|b Wiley InterScience
|n http://www3.interscience.wiley.com
|
| 040 |
|
|
|a NhCcYBP
|b eng
|c NhCcYBP
|
| 050 |
|
4 |
|a TJ210.4
|b .I57 1988eb
|
| 082 |
0 |
4 |
|a 629.8/92/0321
|2 22
|
| 245 |
0 |
0 |
|a International encyclopedia of robotics.
|n Vol. 3,
|p R-W :
|b applications and automation /
|c Richard C. Dorf, editor-in-chief ; Shimon Y. Nof, consulting editor.
|
| 260 |
|
|
|a New York :
|b Wiley,
|c ©1988.
|
| 300 |
|
|
|a 1 online resource (3 volumes) :
|b illustrations
|
| 336 |
|
|
|a text
|b txt
|2 rdacontent
|
| 337 |
|
|
|a computer
|b c
|2 rdamedia
|
| 338 |
|
|
|a online resource
|b cr
|2 rdacarrier
|
| 504 |
|
|
|a Includes bibliographical references and index.
|
| 588 |
0 |
|
|a Print version record.
|
| 650 |
|
0 |
|a Robotics
|v Encyclopedias.
|
| 650 |
|
0 |
|a Robotics
|v Dictionaries.
|
| 655 |
|
4 |
|a Electronic books.
|
| 700 |
1 |
|
|a Dorf, Richard C.
|
| 700 |
1 |
|
|a Nof, Shimon Y.,
|d 1946-
|
| 776 |
0 |
8 |
|i Print version:
|t International encyclopedia of robotics. Vol. 3, R-W.
|d New York : Wiley, ©1988
|z 0471878685
|z 9780471878681
|w (DLC) 87037264
|
| 856 |
4 |
0 |
|u http://proxy.library.tamu.edu/login?url=https://onlinelibrary.wiley.com/book/10.1002/9780470172315
|z Connect to the full text of this electronic book
|t 0
|
| 955 |
|
|
|a Wiley EBA record
|
| 975 |
|
|
|p Wiley UBCM Full Collection 2026
|
| 999 |
f |
f |
|s c5d76fa4-64d9-4408-9072-af8d6307c688
|i 9f7869f5-d48e-4fa1-a89a-3eeb02c3e368
|t 0
|
| 952 |
f |
f |
|a Texas A&M University
|b College Station
|c Electronic Resources
|s evans_pda
|d Available Online
|t 0
|e TJ210.4 .I57 1988eb
|h Library of Congress classification
|
| 998 |
f |
f |
|a TJ210.4 .I57 1988eb
|t 0
|l Available Online
|